000 00453nam a22001577a 4500
999 _c60523
_d60523
005 20230811115332.0
008 230811s1986 enk||||| |||| 00| 0 eng d
041 _aeng
080 _a902(038) E-54
245 _aEncyklopédia archeológie /
_cNovotný Bohuslav a kolektív.
264 _aBratislava,
_c1986.
300 _a1020 p.:
_bill.;
_c25 cm.
653 _aარქეოლოგია
700 _aNovotný, Bohuslav
_919663
942 _2udc
_cBK